000 00437nam a2200169Ia 4500
008 230524s9999 xx 000 0 und d
020 _a9788174465641
082 _a658.33
_bPAN
100 _aM P Pandikumar
_930037
245 0 _aManagement Accounting : Theory & Practice with C D
250 _aIST
260 _aNEW DELHI
_bExcel
_c2008
300 _aVIII;455
500 _aQuantity Number: 1
650 _aManagement
942 _cBK
999 _c43043
_d43043